000 00523nam a2200217Ia 4500
003 OSt
005 20220928151633.0
006 a|||||r|||| 00| 0
007 ta
008 220927b |||||||| |||| 00| 0 eng d
024 _a130192
037 _cTextual
040 _aSDCL
_cSDCL
_beng
041 _2eng
_aeng
082 _aD65, K7.1
100 _aMileaf Harry Ed.
_9517898
245 0 _aElectronics.V1.
260 _c1967
942 _hD65, K7.1
_cTEXL
_2CC
999 _c852394
_d852394